000 00634nam a2200217 i 4500
001 142738
003 ES-MaACL
005 20240510063127.0
007 t|
008 071009s1964 sp ||||1| spa d
080 _a86-14"19"
100 1 _aVidal, Josefina.
_9114441
245 1 0 _aFuera de mi /
_cJosefina Vidal.
260 _aSantander :
_bLa Isla de los Ratones,
_c1964.
300 _a56 p. ;
_c17 cm.
490 1 _aColección "Poetas de Hoy" ;
_v38
830 0 _aColección "Poetas de Hoy" ;
_v38
_9189058
852 _aES-MaACL
_jC-26115
_bR.54868
_cDEPO2
_9147899
942 _2udc
999 _c142738
_d142738